[ActionScripting in Flash MX] (Record no. 6170)

MARC details
000 -LEADER
fixed length control field 01853nam a2200289 4500
001 - CONTROL NUMBER
control field 7246
005 - DATE AND TIME OF LATEST TRANSACTION
control field 20181127183231.0
006 - FIXED-LENGTH DATA ELEMENTS--ADDITIONAL MATERIAL CHARACTERISTICS
fixed length control field m o d
008 - FIXED-LENGTH DATA ELEMENTS--GENERAL INFORMATION
fixed length control field 020129s2003 inua 001 0 eng
010 ## - LIBRARY OF CONGRESS CONTROL NUMBER
Canceled/invalid LC control number 2002101433
020 ## - INTERNATIONAL STANDARD BOOK NUMBER
Canceled/invalid ISBN 0735712956
090 ## - LOCALLY ASSIGNED LC-TYPE CALL NUMBER (OCLC); LOCAL CALL NUMBER (RLIN)
Classification number (OCLC) (R) ; Classification number, CALL (RLIN) (NR) 006.7
100 1# - MAIN ENTRY--PERSONAL NAME
Personal name Kerman, Phillip.
245 10 - TITLE STATEMENT
Title [ActionScripting in Flash MX]
Medium [electronic resource] /
Statement of responsibility, etc. Phillip Kerman.
250 ## - EDITION STATEMENT
Edition statement 1st ed.
260 ## - PUBLICATION, DISTRIBUTION, ETC.
Place of publication, distribution, etc. Indianapolis, Ind. :
Name of publisher, distributor, etc. New Riders,
Date of publication, distribution, etc. 2002, c2003.
300 ## - PHYSICAL DESCRIPTION
Extent xii, 697 p. :
Other physical details ill. ;
Dimensions 23 cm.
500 ## - GENERAL NOTE
General note Includes index.
505 ## - FORMATTED CONTENTS NOTE
Formatted contents note pt. I. Foundation. 1. Flash Basics. 2. What's New in Flash MX. 3. The Programmer's Approach. 4. Basic Programming in Flash. 5. Programming Structures. 6. Debugging. 7. The Movie Clip Object. 8. Functions. 9. Manipulating Strings. 10. Keyboard Access and Modifying Onscreen Text. 11. Arrays. 12. Objects. 13. Homemade Objects. 14. Extending ActionScript. 15. Components. 16. Interfacing with External Data -- pt. II. Workshops. pt. IIA. Basic Workshops. 1. Ensuring That Users Have the Flash Player 6. 2. Creating Custom Cursors. 3. Creating a Horizontal Slider. 4. Building a Slide Show. 5. Mapping and Scripted Masks. 6. Working with Odd-Shaped Clickable Areas. 7. Adapting Built-In Components.
Miscellaneous information
Statement of responsibility
Title
520 ## - SUMMARY, ETC.
Summary, etc. A guide to ActionScripting using Flash MX. The text provides practical exercises to build problem-solving skills, foundation knowledge in programming, and debugging techniques. The web site companion features downloadable scripts.
533 ## - REPRODUCTION NOTE
Type of reproduction Electronic reproduction.
Place of reproduction Boston, MA :
Agency responsible for reproduction Safari,
Date of reproduction 2003.
Note about reproduction Available via World Wide Web.
550 ## - ISSUING BODY NOTE
Issuing body note Made available through: Safari Books Online, LLC.
630 00 - SUBJECT ADDED ENTRY--UNIFORM TITLE
Uniform title ActionScript (Computer program language)
Uniform title Flash (Computer file)
650 #0 - SUBJECT ADDED ENTRY--TOPICAL TERM
Topical term or geographic name entry element Computer animation.
Topical term or geographic name entry element Web sites
General subdivision Design.
Holdings
Withdrawn status Lost status Source of classification or shelving scheme Damaged status Not for loan Collection code Home library Current library Shelving location Serial Enumeration / chronology Inventory number Total Checkouts Full call number Barcode Date last seen Price effective from Koha item type
    Dewey Decimal Classification     Main TEST RTC Library RTC Library Main opac 11203   006.7 KER 30010954 27/11/2018 27/11/2018 Main
Royal Thimphu College || All Right Reserved